000 00461nam a2200169Ia 4500
008 090201s9999 xx 000 0 und d
010 _aKPL-15504
040 _bमराठी
041 _aमराठी
082 _a37555
_b15504
100 _aग रा पाठक
245 _aकंचन
_cग रा पाठक
260 _c2004
_bअभय साहित्य
300 _a144
_bमोठा
600 _aकंचन
942 _cBOOK
999 _c235272
_d235272